[Event "World Rapid 2025"]
[Site "Doha QAT"]
[Date "2025.12.28"]
[Round "10.38"]
[White "Puranik, Abhimanyu"]
[Black "Aronian, Levon"]
[Result "0-1"]
[WhiteTitle "GM"]
[BlackTitle "GM"]
[WhiteElo "2622"]
[BlackElo "2729"]
[WhiteFideId "5061245"]
[BlackFideId "13300474"]
[EventDate "2025.12.26"]

1. Nf3 d5 2. g3 Nd7 3. d4 e6 4. Bg2 b5 5. a4 b4 6. c4 bxc3 7. Nxc3 Bb4 8. O-O
Ne7 9. Qc2 O-O 10. Bf4 c6 11. h4 Nf6 12. Ne5 Ba6 13. Na2 Ba5 14. b4 Bb6 15. Rfd1
Rc8 16. Rac1 Nh5 17. Be3 Nf5 18. Qd2 Qd6 19. a5 Nhxg3 20. fxg3 Qxe5 21. Rc3 Qxg3
22. Bf2 Qg4 23. axb6 axb6 24. Nc1 f6 25. Kh2 Qh5 26. Rh3 Bc4 27. Bf3 Qf7 28. Rg1
Ra8 29. h5 e5 30. e4 dxe4 31. Bxe4 Be6 32. Qd3 Nh6 33. Bxh7+ Kh8 34. Bg6 Qc7 35.
Rh4 f5 36. dxe5 Ng4+ 37. Rgxg4 fxg4 38. Bg3 Rf3 39. Qd6 Qxd6 40. exd6 Kg8 41.
Be4 Rc3 42. Nd3 Ra2+ 43. Nf2 Raa3 44. Nh1 Rc4 45. Bg2 Kh7 46. Nf2 Kh6 47. Ne4
Bf5 48. Bf4+ Kh7 49. Ng5+ Kg8 50. Bg3 Ra2 51. h6 Rcc2 52. h7+ Bxh7 53. d7 Rxg2+
54. Kh1 Rgd2 0-1

[Event "World Rapid 2025"]
[Site "Doha QAT"]
[Date "2025.12.28"]
[Round "10.39"]
[White "Rapport, Richard"]
[Black "Sahidi, Samir"]
[Result "0-1"]
[WhiteTitle "GM"]
[BlackTitle "IM"]
[WhiteElo "2741"]
[BlackElo "2516"]
[WhiteFideId "738590"]
[BlackFideId "14936372"]
[EventDate "2025.12.26"]

1. c4 e5 2. d3 Bb4+ 3. Nd2 Nc6 4. a3 Bxd2+ 5. Qxd2 d6 6. Qg5 Qxg5 7. Bxg5 Nge7
8. Nf3 b6 9. h4 h5 10. g3 Bb7 11. Bh3 f6 12. Bd2 Kf7 13. Rg1 Nd8 14. Bg2 Rb8 15.
b4 Ne6 16. Bc3 c5 17. Rb1 Nd4 18. Bxd4 cxd4 19. Kd2 Rhc8 20. Rgc1 Ba8 21. Rb2 g6
22. a4 d5 23. Rbc2 Ke8 24. Bh3 Rc7 25. Be6 dxc4 26. Bxc4 Kd8 27. Nh2 Bd5 28. g4
Bxc4 29. Rxc4 Rxc4 30. dxc4 Kd7 31. b5 Rc8 32. e3 dxe3+ 33. fxe3 hxg4 34. Nxg4
Ke6 35. Nf2 Rh8 36. c5 Rxh4 37. e4 Rh8 38. c6 Rd8+ 39. Ke2 Rd4 40. Ra1 Nc8 41.
Kf3 Nd6 42. Rg1 Rxa4 43. Rxg6 Nxb5 44. Ng4 Nd4+ 45. Ke3 Ra3+ 46. Kd2 Nxc6 47.
Rxf6+ Kd7 48. Rh6 Kc7 49. Ne3 Kb7 50. Rh7+ Ka6 51. Nc4 Ra4 52. Kc3 b5 53. Nd6
Rd4 54. Rh6 Kb6 55. Re6 a5 56. Kb3 a4+ 57. Ka3 Rd3+ 58. Kb2 a3+ 59. Kc1 Nd4 60.
Nc4+ Kc5 61. Nxe5 Nxe6 62. Nxd3+ Kc4 63. Ne1 b4 64. Nc2 0-1

[Event "World Rapid 2025"]
[Site "Doha QAT"]
[Date "2025.12.28"]
[Round "10.40"]
[White "Bortnyk, Olexandr"]
[Black "Nesterov, Arseniy"]
[Result "0-1"]
[WhiteTitle "GM"]
[BlackTitle "GM"]
[WhiteElo "2601"]
[BlackElo "2595"]
[WhiteFideId "14120828"]
[BlackFideId "24198455"]
[EventDate "2025.12.26"]

1. a3 e5 2. Nf3 Nc6 3. d4 exd4 4. Nxd4 Nf6 5. Nxc6 bxc6 6. g3 d5 7. Bg2 Bd6 8.
c4 O-O 9. Nc3 dxc4 10. Qa4 Be6 11. O-O Nd7 12. Qxc6 Rb8 13. Rd1 Nc5 14. Be3 Qe8
15. Rab1 Bd7 16. Qd5 Na4 17. Nxa4 Bxa4 18. Rdc1 Bb3 19. Bxa7 Rd8 20. Qh5 Qe5 21.
Qg4 h5 22. Qf3 Ba2 23. Ra1 Qxb2 24. Qxh5 g6 25. Qh6 Be5 26. Bc5 Rfe8 27. Bc6 Bg7
28. Qh4 Bf6 29. Qf4 Re6 30. Qxc7 Qxe2 31. Bb5 Bb3 32. Rab1 Qe4 33. Bd7 Qe5 34.
Qa7 Re7 35. Bxe7 Qxe7 36. Rd1 Bxd1 37. Rxd1 c3 38. Qa4 c2 39. Qxc2 Rxd7 40. Qc8+
Rd8 41. Rxd8+ Qxd8 42. Qc6 Bd4 43. Kg2 Kg7 44. h4 Qe7 45. Qf3 Qc5 46. a4 Qe5 47.
Kf1 Bb6 48. Kg2 Qb2 49. Qf4 Qf6 50. Qf3 Qxf3+ 51. Kxf3 Kf6 52. g4 Ke5 53. Kg3
Ke4 54. f3+ Ke5 55. h5 gxh5 56. gxh5 Kf5 57. f4 Bc7 58. Kf3 Bxf4 59. a5 Bb8 60.
a6 Ba7 0-1

[Event "World Rapid 2025"]
[Site "Doha QAT"]
[Date "2025.12.28"]
[Round "10.41"]
[White "Grebnev, Aleksey"]
[Black "Keymer, Vincent"]
[Result "1-0"]
[WhiteTitle "GM"]
[BlackTitle "GM"]
[WhiteElo "2632"]
[BlackElo "2776"]
[WhiteFideId "34189030"]
[BlackFideId "12940690"]
[EventDate "2025.12.26"]

1. e4 e5 2. Nf3 Nc6 3. Bc4 d6 4. O-O Be7 5. d4 Nf6 6. Re1 Bg4 7. dxe5 Nxe5 8.
Be2 Ng6 9. Nc3 O-O 10. Nd4 Bd7 11. Bf1 Re8 12. a4 c6 13. h3 Bf8 14. g3 h6 15.
Bg2 a6 16. a5 Re5 17. Nb3 Rh5 18. g4 Re5 19. f4 Re8 20. Be3 c5 21. Qd2 Bc6 22.
Bf2 Qc7 23. Rad1 b5 24. axb6 Qxb6 25. Ra1 a5 26. Nd5 Bxd5 27. exd5 Rxe1+ 28.
Bxe1 a4 29. Na5 Qxb2 30. Rxa4 Re8 31. Bg3 Qb5 32. Ra1 Re2 33. c4 Qe8 34. Qc1
Rxg2+ 35. Kxg2 Qe2+ 36. Kg1 Ne4 37. Ra3 Be7 38. Nc6 Bh4 39. Bxh4 Nxh4 40. Qf1
Qc2 41. Re3 g6 42. f5 g5 43. f6 Nd2 44. Qe2 Qc1+ 45. Kf2 Kh7 46. Qd3+ Ng6 47.
Na5 Qb2 48. Kg3 Qxf6 49. Qxd2 Qf4+ 50. Kg2 Nh4+ 51. Kh1 Qf1+ 52. Kh2 Nf3+ 53.
Rxf3 Qxf3 54. Nc6 Qe4 55. Qc3 Kg6 56. Na7 f6 57. Nb5 Qf4+ 58. Kg2 Kg7 59. Qd3
Qe5 60. Kf2 Qb2+ 61. Qe2 Qc1 62. Qe7+ Kg6 63. Qe4+ Kg7 64. Qe7+ Kg6 65. Qe4+ Kg7
66. Nxd6 Qd2+ 67. Kf1 Qc1+ 68. Ke2 Qb2+ 69. Kf3 1-0

[Event "World Rapid 2025"]
[Site "Doha QAT"]
[Date "2025.12.28"]
[Round "10.42"]
[White "Grandelius, Nils"]
[Black "Hovhannisyan, Robert"]
[Result "0-1"]
[WhiteTitle "GM"]
[BlackTitle "GM"]
[WhiteElo "2664"]
[BlackElo "2621"]
[WhiteFideId "1710400"]
[BlackFideId "13302507"]
[EventDate "2025.12.26"]

1. d4 Nf6 2. c4 e6 3. Nc3 d5 4. cxd5 exd5 5. Bg5 c6 6. e3 h6 7. Bf4 Bf5 8. Nge2
Nbd7 9. Ng3 Be6 10. h4 Nb6 11. Bd3 Be7 12. Qc2 O-O 13. Nf5 Bxf5 14. Bxf5 Bd6 15.
Bg5 Re8 16. O-O-O Kf8 17. Bxf6 Qxf6 18. g4 g6 19. Bd3 Kg7 20. g5 hxg5 21. hxg5
Qxg5 22. f4 Qf6 23. f5 g5 24. e4 Qxd4 25. exd5 Nxd5 26. Ne4 Nf6 27. Nxd6 Qxd6
28. Kb1 Re3 29. Bc4 Qe5 30. Ka1 Re8 31. Bb3 a5 32. Qg2 Qg3 33. Qd2 Re2 34. Qxa5
Qe5 35. Qxe5 R8xe5 36. Rdf1 Rd2 37. Rhg1 Ne4 38. a3 Kf6 39. Rf3 Rf2 40. Rh3
Rexf5 41. Ka2 R5f3 42. Rh7 Nc3+ 43. Ka1 Rf1+ 0-1

[Event "World Rapid 2025"]
[Site "Doha QAT"]
[Date "2025.12.28"]
[Round "10.43"]
[White "Pantsulaia, Levan"]
[Black "Martirosyan, Haik M."]
[Result "0-1"]
[WhiteTitle "GM"]
[BlackTitle "GM"]
[WhiteElo "2472"]
[BlackElo "2625"]
[WhiteFideId "13602071"]
[BlackFideId "13306553"]
[EventDate "2025.12.26"]

1. Nf3 d5 2. g3 g6 3. c4 dxc4 4. Na3 Nc6 5. Nxc4 Bg7 6. d3 e5 7. Bd2 Nf6 8.
Nfxe5 Nxe5 9. Nxe5 O-O 10. Nc4 Re8 11. Ne3 Ng4 12. Bg2 Bxb2 13. Rb1 Bd4 14. Qc1
Nxe3 15. Bxe3 Bxe3 16. fxe3 c6 17. Qc5 Re6 18. Qd4 Qe7 19. Kd2 b6 20. Rhc1 Bb7
21. e4 Rd8 22. Qa4 c5 23. Ke1 Bc6 24. Qb3 Qg5 25. Kf2 h5 26. h4 Qf6+ 27. Bf3 Re5
28. a4 Bd7 29. a5 b5 30. Qb2 Qd6 31. Qd2 b4 32. Qe3 Rb8 33. Rb2 Rb5 34. Ra1 Re8
35. a6 Qe5 36. Rab1 Qe6 37. Rc1 Rc8 38. Ra1 Qe5 39. Rbb1 b3 40. Qf4 Qd4+ 41. Qe3
Be6 42. e5 Qxe3+ 43. Kxe3 c4 44. dxc4 Rxc4 45. Rb2 Rxe5+ 46. Kd3 Rc7 47. Ra4
Bf5+ 48. Kd4 Rb5 49. Bd5 Rc2 50. Rxb3 Rxd5+ 51. Kxd5 Be6+ 52. Kd4 Bxb3 53. Rb4
Be6 54. Rb7 0-1

[Event "World Rapid 2025"]
[Site "Doha QAT"]
[Date "2025.12.28"]
[Round "10.44"]
[White "Urkedal, Frode Olav Olsen"]
[Black "Motylev, Alexander"]
[Result "0-1"]
[WhiteTitle "GM"]
[BlackTitle "GM"]
[WhiteElo "2568"]
[BlackElo "2573"]
[WhiteFideId "1506102"]
[BlackFideId "4121830"]
[EventDate "2025.12.26"]

1. d4 Nf6 2. c4 e6 3. Nf3 d5 4. Nc3 c6 5. g3 Be7 6. Bg2 O-O 7. O-O Nbd7 8. Nd2
b5 9. cxb5 cxb5 10. Nxb5 Qb6 11. a4 a6 12. Nc3 Qxd4 13. e4 Bb7 14. exd5 Nxd5 15.
Nde4 Qxd1 16. Rxd1 Rfd8 17. Nxd5 Bxd5 18. Bf4 Rac8 19. Nd6 Bxd6 20. Bxd6 Bxg2
21. Kxg2 Nb6 22. Bb4 Rxd1 23. Rxd1 Nxa4 24. Ba3 h6 25. Rd6 Rb8 26. Rxa6 Nxb2 27.
Bxb2 Rxb2 28. h4 Rb4 29. Ra8+ Kh7 30. Ra7 Kg6 31. Rc7 Kf6 32. Ra7 Rd4 33. Rb7 g5
34. hxg5+ hxg5 35. Rc7 Kg6 36. Rc8 f6 37. Rg8+ Kf5 38. Rf8 e5 39. Kf3 e4+ 40.
Ke3 Rd3+ 41. Ke2 Rd6 42. f3 Ra6 43. fxe4+ Kxe4 44. Re8+ Kf5 45. Kf3 Ra3+ 46. Kf2
Ra2+ 47. Kg1 Kg4 48. Re3 f5 49. Kf1 Rh2 50. Rb3 Rh3 0-1

[Event "World Rapid 2025"]
[Site "Doha QAT"]
[Date "2025.12.28"]
[Round "10.45"]
[White "Pranav, V"]
[Black "Tin, Jingyao"]
[Result "0-1"]
[WhiteTitle "GM"]
[BlackTitle "GM"]
[WhiteElo "2641"]
[BlackElo "2584"]
[WhiteFideId "25060783"]
[BlackFideId "5804418"]
[EventDate "2025.12.26"]

1. d4 d5 2. Nf3 Nf6 3. Bg5 Nbd7 4. Nbd2 h6 5. Bh4 c6 6. e3 e6 7. Bd3 Be7 8. O-O
O-O 9. c3 b6 10. Ne5 Nxe5 11. dxe5 Nd7 12. Bxe7 Qxe7 13. f4 Nc5 14. Bc2 Ba6 15.
Rf2 Nd3 16. Bxd3 Bxd3 17. Qf3 Rad8 18. Re1 c5 19. Qg3 b5 20. h3 a5 21. Kh2 b4
22. e4 bxc3 23. bxc3 dxe4 24. Nxe4 Bxe4 25. Rxe4 Qb7 26. Qe3 Rd1 27. f5 exf5 28.
Rxf5 Rfd8 29. Rg4 Qb1 30. Qf2 Rh1+ 31. Kg3 Rd3+ 32. Kh4 Qb7 33. Qxc5 Qd7 34. e6
Qxe6 35. Rc4 g5+ 36. Kg4 Qe2+ 0-1

[Event "World Rapid 2025"]
[Site "Doha QAT"]
[Date "2025.12.28"]
[Round "10.46"]
[White "Alexakis, Dimitris"]
[Black "Amin, Bassem"]
[Result "0-1"]
[WhiteTitle "GM"]
[BlackTitle "GM"]
[WhiteElo "2544"]
[BlackElo "2626"]
[WhiteFideId "4277023"]
[BlackFideId "10601457"]
[EventDate "2025.12.26"]

1. e4 e5 2. Nc3 Nc6 3. g3 Nf6 4. Bg2 Bc5 5. Nge2 a5 6. O-O d6 7. d3 Bd7 8. h3 a4
9. a3 h6 10. Be3 Nd4 11. Bxd4 exd4 12. Nb1 O-O 13. Nd2 c6 14. f4 b5 15. Nf3 Qb6
16. Kh1 Rae8 17. g4 d5 18. e5 Nh7 19. Ng3 Qd8 20. Qd2 Bb6 21. Qf2 f5 22. Nxf5
Bxf5 23. gxf5 Rxf5 24. Qg3 Nf8 25. h4 Qe7 26. Bh3 Qf7 27. Bxf5 Qxf5 28. Nh2 Ne6
29. Qg4 Rf8 30. Qxf5 Rxf5 31. Rf3 Bd8 32. Raf1 Bxh4 33. Kg2 Kh7 34. Kh3 Be7 35.
Kg3 h5 36. R1f2 g6 37. Nf1 Bf8 38. Nd2 Bh6 39. b3 c5 40. bxa4 bxa4 41. Nf1 Kg8
42. c4 dxc3 43. Ne3 Bxf4+ 44. Rxf4 Rxf4 45. Rc2 h4+ 46. Kg2 d4 47. Nd5 Rg4+ 48.
Kf3 Rg3+ 49. Ke4 h3 50. Rf2 Ng5+ 51. Kf4 Rf3+ 52. Rxf3 Nxf3 0-1

[Event "World Rapid 2025"]
[Site "Doha QAT"]
[Date "2025.12.28"]
[Round "10.47"]
[White "Oro, Faustino"]
[Black "Dardha, Daniel"]
[Result "1/2-1/2"]
[WhiteTitle "IM"]
[BlackTitle "GM"]
[WhiteElo "2503"]
[BlackElo "2603"]
[WhiteFideId "20000197"]
[BlackFideId "240990"]
[EventDate "2025.12.26"]

1. e4 c5 2. Nf3 d6 3. d4 cxd4 4. Nxd4 Nf6 5. Nc3 Nc6 6. Bg5 e6 7. Qd2 a6 8.
O-O-O Bd7 9. Kb1 h6 10. Be3 Be7 11. Nxc6 Bxc6 12. f3 d5 13. e5 Nd7 14. f4 g5 15.
f5 Qc7 16. Bd4 O-O-O 17. Qe3 Qa5 18. Bd3 Bc5 19. Ne2 Rde8 20. Rhf1 Kb8 21. Bxc5
Qxc5 22. Nd4 Ka8 23. fxe6 Rxe6 24. Rxf7 Nxe5 25. Qg1 Ree8 26. Rff1 Nc4 27. Bxc4
dxc4 28. Rf5 Qb6 29. Nxc6 Qxc6 30. Rc5 Qe4 31. a3 Rhf8 32. Rcd5 Rc8 33. R5d4 Qe2
34. R4d2 Qe5 35. Rd5 Qe4 36. R5d4 Qf5 37. Rd5 Qf2 38. Qxf2 Rxf2 39. Rd8 Kb8 40.
R1d6 h5 41. Rxc8+ Kxc8 42. h4 Rxg2 43. Rg6 g4 44. Rg5 g3 45. Rxh5 Re2 46. Rg5 g2
47. Ka2 Rxc2 48. h5 c3 49. Kb3 Rxb2+ 50. Kxc3 Rb5 51. Rxg2 Rxh5 52. Rg7 Rh4 53.
Kb3 Rd4 54. Kc3 Rd7 55. Rg6 Kc7 56. Kb3 Rd6 57. Rg5 Kc6 58. Kc4 Rf6 59. Rh5 Rf4+
60. Kb3 Rd4 61. Rh6+ Kc5 62. Rh5+ Rd5 63. Rh3 Kb5 64. Rg3 Ka5 65. Rg4 Rd3+ 66.
Kb2 Kb5 67. Rb4+ Kc6 68. Rc4+ Kd6 69. Rh4 Re3 70. Rh6+ Re6 71. Rh5 Kc6 72. Kb3
b6 73. Rg5 Rh6 74. Rf5 Rd6 75. Rg5 Rd3+ 76. Kb2 Rd5 77. Rg4 Kc5 78. Kc3 Rf5 79.
Rh4 b5 80. Rh3 a5 81. Rg3 Rh5 82. Rf3 a4 83. Rg3 Rf5 84. Rh3 Rf1 85. Rh5+ Kb6
86. Rh3 Rf2 87. Rh6+ Ka5 88. Rh3 Ra2 89. Kd4 Rb2 90. Rg3 Rb1 91. Rh3 Rc1 92. Rg3
Rc4+ 93. Kd3 Rc5 94. Rg4 Rh5 95. Kc2 Rh2+ 96. Kb1 Kb6 97. Rg5 Kc6 98. Rf5 Rd2
99. Rg5 Rd5 100. Rg3 Kc5 101. Kc2 Rh5 102. Rc3+ Kd4 103. Rd3+ Ke4 104. Rd8 Rh3
105. Re8+ Kd4 106. Rd8+ Kc5 107. Rc8+ Kd6 108. Rd8+ Kc6 109. Rc8+ Kd6 110. Rd8+
Kc7 111. Rd3 Rh2+ 112. Rd2 Rh1 113. Kb2 Rh3 114. Rd5 Rh2+ 115. Kb1 Kc6 116. Rg5
Rd2 117. Rh5 Rd5 118. Rh4 Kc5 119. Kc2 Rd4 120. Rxd4 Kxd4 121. Kd2 Kc4 122. Kc2
b4 123. axb4 Kxb4 124. Kb2 a3+ 125. Ka2 Kc4 126. Kxa3 1/2-1/2

[Event "World Rapid 2025"]
[Site "Doha QAT"]
[Date "2025.12.28"]
[Round "10.48"]
[White "Bu, Xiangzhi"]
[Black "Mitrabha, Guha"]
[Result "1-0"]
[WhiteTitle "GM"]
[BlackTitle "GM"]
[WhiteElo "2665"]
[BlackElo "2508"]
[WhiteFideId "8601445"]
[BlackFideId "5057000"]
[EventDate "2025.12.26"]

1. c4 b6 2. Nc3 Bb7 3. e4 e5 4. Nf3 Nc6 5. a3 a5 6. d4 exd4 7. Nxd4 Nxd4 8. Qxd4
Qf6 9. Qd3 Bc5 10. f3 Ne7 11. Bd2 O-O 12. O-O-O c6 13. h4 Qe6 14. Re1 Ba6 15. f4
f6 16. g4 Qf7 17. g5 f5 18. h5 d5 19. exd5 cxd5 20. g6 hxg6 21. hxg6 Qxg6 22.
Nxd5 Nc6 23. Re2 Kf7 24. Bc3 Rg8 25. Bh3 Qh5 26. Bg2 Qg6 27. Nc7 Ne7 28. Bd5+
Kf8 29. Bxa8 1-0

[Event "World Rapid 2025"]
[Site "Doha QAT"]
[Date "2025.12.28"]
[Round "10.49"]
[White "Indjic, Aleksandar"]
[Black "Chasin, Nico"]
[Result "1/2-1/2"]
[WhiteTitle "GM"]
[BlackTitle "IM"]
[WhiteElo "2635"]
[BlackElo "2517"]
[WhiteFideId "911925"]
[BlackFideId "30908477"]
[EventDate "2025.12.26"]

1. c4 e6 2. g3 d5 3. Bg2 Nf6 4. Nf3 Be7 5. O-O O-O 6. d3 c5 7. Ne5 Qc7 8. f4
Nbd7 9. Nxd7 Bxd7 10. e4 dxe4 11. dxe4 Bc6 12. Qe2 Rfd8 13. Nc3 a6 14. a4 b6 15.
g4 Qb7 16. g5 Ne8 17. f5 exf5 18. exf5 Bxg2 19. Qxg2 Qxg2+ 20. Kxg2 Nc7 21. f6
Bd6 22. fxg7 Be5 23. Bf4 Bxf4 24. Rxf4 Ne6 25. Rf2 Rd4 26. Nd5 Kxg7 27. Nxb6
Rad8 28. Raf1 Nxg5 29. a5 Rh4 30. Rf4 Rd2+ 31. R1f2 Rxf2+ 32. Rxf2 Rd4 33. Re2
Ne6 34. Kf3 Rd1 35. Ke4 Ra1 36. Nd7 f5+ 37. Ke5 Kf7 38. Rd2 f4 39. Kf5 Ke7 40.
Ne5 Nd4+ 41. Kxf4 Rf1+ 42. Kg3 Kd6 43. Ng4 h5 44. Nf2 Kc6 45. Kg2 Ra1 46. Nd3
Rxa5 47. Rf2 Kd6 48. Rf6+ Ke7 49. Rh6 Ra4 50. Rxh5 Rxc4 51. Rxc5 Ra4 52. Rd5 Ne6
53. Re5 Rc4 54. Kg3 Kf6 55. Rd5 Re4 56. Kf3 Rh4 57. Kg3 Re4 58. Kf2 Rh4 59. Kg2
Rg4+ 60. Kh1 Re4 61. Rd6 Ke7 62. Rxa6 Re2 63. b4 Nd4 64. Nf4 Rf2 65. Ng6+ Kd7
66. Ne5+ Kc7 67. Kg1 Re2 68. Ra5 Rxe5 69. Rxe5 Nf3+ 70. Kf2 Nxe5 71. h4 Ng4+ 72.
Kf3 Nf6 73. Kf4 Kb6 74. Kg5 Ne4+ 75. Kf5 Ng3+ 76. Kf4 Nh5+ 77. Kg4 Nf6+ 1/2-1/2

[Event "World Rapid 2025"]
[Site "Doha QAT"]
[Date "2025.12.28"]
[Round "10.50"]
[White "Christiansen, Johan-Sebastian"]
[Black "Narayanan, S.L."]
[Result "1/2-1/2"]
[WhiteTitle "GM"]
[BlackTitle "GM"]
[WhiteElo "2655"]
[BlackElo "2616"]
[WhiteFideId "1512668"]
[BlackFideId "5058422"]
[EventDate "2025.12.26"]

1. e4 c5 2. Nf3 d6 3. c3 Nf6 4. h3 g6 5. Bd3 Bg7 6. O-O O-O 7. Bc2 e5 8. d4 cxd4
9. cxd4 exd4 10. Nxd4 d5 11. e5 Ne4 12. Bf4 Nc6 13. Nxc6 bxc6 14. Bxe4 dxe4 15.
Qc1 Ba6 16. Re1 Bd3 17. Nc3 Qd4 18. Qe3 Qxe3 19. Rxe3 f5 20. exf6 Bxf6 21. Nxe4
Bxb2 22. Rd1 Bc4 23. Bh6 Rfd8 24. Rb1 Rab8 25. Bf4 Bxa2 26. Bxb8 Bxb1 27. Bxa7
Bxe4 28. Rxe4 Rc8 29. Bc5 Bg7 30. Kf1 Bf8 31. Bxf8 Kxf8 32. Ke2 1/2-1/2

[Event "World Rapid 2025"]
[Site "Doha QAT"]
[Date "2025.12.28"]
[Round "10.51"]
[White "Gokerkan, Cem Kaan"]
[Black "Bjerre, Jonas Buhl"]
[Result "0-1"]
[WhiteTitle "GM"]
[BlackTitle "GM"]
[WhiteElo "2510"]
[BlackElo "2623"]
[WhiteFideId "6336760"]
[BlackFideId "1444948"]
[EventDate "2025.12.26"]

1. e4 e5 2. Nf3 Nc6 3. Bc4 d6 4. d4 Nf6 5. d5 Ne7 6. Nc3 g6 7. h3 Bg7 8. Be3 O-O
9. Qd2 a6 10. Bb3 b5 11. a3 a5 12. g4 Bd7 13. g5 Nh5 14. a4 b4 15. Ne2 c6 16.
O-O-O cxd5 17. Bxd5 Nxd5 18. Qxd5 Ra6 19. b3 Qc7 20. Kb1 Rc6 21. Rd2 Be6 22. Qd3
d5 23. exd5 Bf5 24. d6 Bxd3 25. dxc7 Be4 26. Neg1 Rxc7 27. Rh2 Rc3 28. Kb2 Nf4
29. Ne1 Nd5 30. Re2 Bf5 31. Bd2 Rc6 32. Kb1 Rfc8 33. f3 Bxc2+ 34. Nxc2 Rxc2 35.
Re4 Nc3+ 36. Kxc2 Nxe4+ 37. Kb1 Nc5 38. Ka2 Rd8 39. Be3 Nxb3 40. Kxb3 Rd3+ 41.
Kc4 Rxe3 42. Kb5 b3 43. Rd2 e4 44. Rd8+ Bf8 45. Kc4 exf3 46. Rd2 0-1

[Event "World Rapid 2025"]
[Site "Doha QAT"]
[Date "2025.12.28"]
[Round "10.52"]
[White "Paravyan, David"]
[Black "Peyrer, Konstantin"]
[Result "1/2-1/2"]
[WhiteTitle "GM"]
[BlackTitle "IM"]
[WhiteElo "2582"]
[BlackElo "2496"]
[WhiteFideId "4194985"]
[BlackFideId "1640879"]
[EventDate "2025.12.26"]

1. e4 c5 2. Nf3 Nc6 3. Nc3 e5 4. Nd5 Nf6 5. c3 d6 6. Bc4 Be7 7. Nxf6+ Bxf6 8. d3
O-O 9. Be3 Be6 10. Bxe6 fxe6 11. h4 Qd7 12. Ng5 Rae8 13. Qh5 g6 14. Qg4 h6 15.
Nf3 Qg7 16. Qh3 b6 17. Nh2 Bd8 18. Ng4 h5 19. Nh2 d5 20. Nf3 d4 21. Bg5 b5 22.
Bxd8 Nxd8 23. Rc1 Nc6 24. cxd4 Nxd4 25. Nxd4 cxd4 26. O-O Qf6 27. Rc5 Rc8 28.
Rxb5 Rc2 29. Qg3 Kh7 30. Qxe5 Qxe5 31. Rxe5 Rxb2 32. Rxe6 Rxa2 33. f4 a5 34. Ra6
a4 35. Rf2 Ra3 36. Rf3 Ra1+ 37. Kh2 a3 38. Rf2 Rf7 39. Kg3 Rc7 40. f5 gxf5 41.
Rxf5 Rc3 42. Rxh5+ Kg7 43. Rg5+ Kh7 44. Rd5 Rxd3+ 45. Kg4 Rf1 46. h5 Rf7 47. Kh4
Rd1 48. Rxa3 Rh1+ 49. Rh3 Rg1 50. g4 Rd1 51. Rd6 Rg7 52. h6 Rg6 53. Rxg6 Kxg6
54. h7 Kxh7 55. Kg5+ Kg7 56. Ra3 d3 57. Ra7+ Kf8 58. Rd7 d2 59. e5 Re1 60. Rxd2
Rxe5+ 61. Kg6 Re6+ 62. Kh7 Re7+ 63. Kh6 Re6+ 64. Kh7 Re7+ 65. Kh8 Kf7 66. Kh7
Kf8+ 1/2-1/2

[Event "World Rapid 2025"]
[Site "Doha QAT"]
[Date "2025.12.28"]
[Round "10.53"]
[White "Chanda, Sandipan"]
[Black "Raja, Harshit"]
[Result "0-1"]
[WhiteTitle "GM"]
[BlackTitle "GM"]
[WhiteElo "2490"]
[BlackElo "2472"]
[WhiteFideId "5004225"]
[BlackFideId "5089000"]
[EventDate "2025.12.26"]

1. d4 Nf6 2. Nf3 g6 3. Nbd2 d5 4. b3 c5 5. dxc5 Na6 6. Bb2 Nxc5 7. e3 Bg7 8.
Bb5+ Bd7 9. Bxd7+ Qxd7 10. O-O O-O 11. Qe2 Rac8 12. Rfd1 b5 13. Rac1 Qb7 14. Kf1
Rfd8 15. Bd4 Nfe4 16. Bxg7 Kxg7 17. c3 a6 18. b4 Na4 19. Nxe4 dxe4 20. Rxd8 Rxd8
21. Nd4 e5 22. Nb3 Rd3 23. g3 Qd5 24. Kg2 h5 25. Nc5 Nxc5 26. bxc5 Qxc5 27. Qb2
Qc4 28. Qa3 Rd2 29. Qe7 Qd5 30. a3 Rxf2+ 31. Kxf2 Qd2+ 32. Kf1 Qxc1+ 33. Kg2
Qxc3 34. Qe8 Qd2+ 35. Kh3 Qd6 36. Kg2 Qf6 37. Kg1 Qg5 38. Kg2 Qf5 39. h4 Qe6 40.
Qb8 Qf5 41. Kg1 Kh7 42. Qb7 Qf3 43. Kh2 Kg7 44. Qd5 Qf2+ 45. Kh3 Qxe3 46. Qxe5+
Kh7 47. Qd5 Qf3 48. Kh2 Qf2+ 0-1

[Event "World Rapid 2025"]
[Site "Doha QAT"]
[Date "2025.12.28"]
[Round "10.54"]
[White "Muradli, Mahammad"]
[Black "Goutham Krishna H"]
[Result "1-0"]
[WhiteTitle "GM"]
[BlackTitle "IM"]
[WhiteElo "2581"]
[BlackElo "2433"]
[WhiteFideId "13409301"]
[BlackFideId "25983504"]
[EventDate "2025.12.26"]

1. d4 Nf6 2. c4 a6 3. Nf3 c5 4. d5 b5 5. Qc2 d6 6. e4 b4 7. a3 a5 8. axb4 cxb4
9. Be3 g6 10. Nbd2 Bg7 11. Be2 O-O 12. O-O Ng4 13. Bd4 Bxd4 14. Nxd4 Qb6 15. Qd3
Nf6 16. Kh1 e5 17. dxe6 Bxe6 18. f4 Nbd7 19. Nb5 Rad8 20. f5 Ne5 21. Qd4 Qxd4
22. Nxd4 Bd7 23. Rxa5 Nc6 24. Nxc6 Bxc6 25. Bf3 Rfe8 26. fxg6 hxg6 27. e5 Bxf3
28. exf6 Bc6 29. Kg1 Re2 30. Rf2 Re1+ 31. Rf1 Re2 32. Rf2 Re1+ 33. Nf1 Rc1 34.
b3 Rc3 35. h4 Rxb3 36. h5 Kh7 37. Ra7 Rd7 38. Ra6 Bb7 39. hxg6+ Kxg6 40. Rb6 Rc7
41. Rxd6 Rxc4 42. Nd2 Rc1+ 43. Kh2 Rb2 44. Rd4 Rd1 45. Kg3 Bc8 46. Rd8 Kh7 47.
Kf4 Be6 48. g4 Rh1 49. Rf3 Rh4 50. Rg3 Rc2 51. Ne4 Rc4 52. Ke5 Kg6 53. Rg8+ Kh7
54. Rg7+ Kh8 55. Rd3 Rc8 56. Ng5 Bc4 57. Rd4 Ba2 58. Rxb4 Rh1 59. Nxf7+ Bxf7 60.
Rxf7 Kg8 61. Rg7+ Kf8 62. Kf5 Rf1+ 63. Kg6 Rxf6+ 64. Kh7 Rfc6 65. Rf4+ Ke8 66.
Rg8+ Ke7 67. Rxc8 Rxc8 68. g5 Rc1 69. g6 Rh1+ 70. Kg8 Ke6 71. g7 Rc1 72. Rh4 Kf6
73. Kh8 Kg5 74. Rh2 1-0

[Event "World Rapid 2025"]
[Site "Doha QAT"]
[Date "2025.12.28"]
[Round "10.55"]
[White "Ibrahimli, Murad"]
[Black "Petrov, Nikita"]
[Result "1-0"]
[WhiteTitle "IM"]
[BlackTitle "GM"]
[WhiteElo "2438"]
[BlackElo "2578"]
[WhiteFideId "13410229"]
[BlackFideId "4101286"]
[EventDate "2025.12.26"]

1. d4 Nf6 2. c4 e6 3. Nf3 Bb4+ 4. Bd2 a5 5. g3 d6 6. Bg2 Nbd7 7. O-O e5 8. Bg5
exd4 9. Nxd4 O-O 10. a3 Bc5 11. Nc3 h6 12. Bf4 a4 13. Rc1 Re8 14. Ndb5 Nb6 15.
Nd5 Nbxd5 16. cxd5 b6 17. Nc3 Bd7 18. Bd2 b5 19. e3 Ng4 20. Ne2 Ne5 21. Bc3 Bg4
22. h3 Bh5 23. g4 Bg6 24. Nd4 Qd7 25. e4 Rab8 26. f4 Nc4 27. Qd3 c6 28. f5 Bh7
29. dxc6 Qxc6 30. Kh1 Qb6 31. Nc2 f6 32. Nb4 Ne3 33. Rfe1 Kh8 34. Rxe3 Bxe3 35.
Nd5 Bxc1 36. Nxb6 Rxb6 37. Qd4 Rc6 38. Bf1 Rb8 39. Qa7 Rcc8 40. Qa6 Bf4 41. Bxb5
Ra8 42. Qb7 Rab8 43. Qd7 Rd8 44. Qe7 Be5 45. Bb4 Bg8 46. Bxa4 d5 47. exd5 Bxd5+
48. Kg1 Rdc8 49. Qd7 Rd8 50. Qe7 Bxb2 51. Bd7 Be5 52. Kf2 Bd4+ 53. Kg3 Be5+ 54.
Kf2 Bd4+ 55. Kg3 Be5+ 56. Kh4 Bf4 57. Be6 Bg2 58. Kh5 Kh7 59. Qf7 Rd3 60. h4
Rdd8 61. Be7 Rb7 62. Qg6+ 1-0

[Event "World Rapid 2025"]
[Site "Doha QAT"]
[Date "2025.12.28"]
[Round "10.56"]
[White "Lobanov, Sergei"]
[Black "Murzin, Volodar"]
[Result "1/2-1/2"]
[WhiteTitle "GM"]
[BlackTitle "GM"]
[WhiteElo "2527"]
[BlackElo "2648"]
[WhiteFideId "24183750"]
[BlackFideId "44155573"]
[EventDate "2025.12.26"]

1. d4 Nf6 2. c4 g6 3. Nc3 Bg7 4. Nf3 O-O 5. Bg5 c6 6. e3 d6 7. Be2 a6 8. a4 a5
9. O-O Na6 10. e4 Bg4 11. Nd2 Bxe2 12. Qxe2 e5 13. d5 Nc5 14. Rab1 h6 15. Be3
Nfd7 16. b4 axb4 17. Rxb4 Qa5 18. Rfb1 Rfd8 19. h3 Na6 20. R4b3 Ndc5 21. Ra3 Bf8
22. Nf3 Kg7 23. Qd2 Kh7 24. Ne1 Qc7 25. a5 Rd7 26. Nd3 Re8 27. Rb6 Qc8 28. Nxc5
dxc5 29. Na4 cxd5 30. cxd5 c4 31. Rc3 Rc7 32. d6 Rd8 33. Qd5 Kg8 34. Rc1 Rdd7
35. Qxe5 Bg7 36. Qb5 Rc6 37. Rxc6 bxc6 38. Qxc4 Rxd6 39. Nc5 Nc7 40. a6 Qa8 41.
Bf4 Rd4 42. Bxc7 Rxc4 43. Rxc4 Qa7 44. Ra4 Bf8 45. Bb6 Qxb6 46. a7 Qxc5 47. a8=Q
Qc1+ 48. Kh2 Qf4+ 49. Kg1 Qc1+ 1/2-1/2